Universidad, músicas urbanas, pedagogía y cotidianidad
Guardat en:
| Autors principals: | , |
|---|---|
| Altres autors: | |
| Format: | Llibre |
| Idioma: | espanyol |
| Publicat: |
Bogotá
Universidad Pedagógica Nacional
2004
|
| Matèries: | |
| Etiquetes: |
Afegir etiqueta
Sense etiquetes, Sigues el primer a etiquetar aquest registre!
|
MARC
| LEADER | 00000nam a2200000 a 4500 | ||
|---|---|---|---|
| 001 | UCK1614 | ||
| 003 | CL-VaPUC | ||
| 008 | 041119e20040000CK |||||||||||||||||spa|d | ||
| 020 | |a 9588226201 | ||
| 082 | 0 | 4 | |a 780.7 |b ZAP |2 21 |
| 100 | 0 | |a Zapata Restrepo, Gloria Patricia |e author |9 489528 | |
| 700 | 0 | |a Goubert Burgos, Beatriz María |e author |9 489529 | |
| 700 | |a Maldonado Serrano, Jorge Francisco |e autor |9 583737 | ||
| 245 | 1 | 0 | |a Universidad, músicas urbanas, pedagogía y cotidianidad |
| 300 | |a 189 p | ||
| 942 | |c BK | ||
| 945 | |d 20041119 00:00:00 |a cmena | ||
| 260 | |a Bogotá |b Universidad Pedagógica Nacional |c 2004 | ||
| 650 | 0 | |a Enseñanza de la música |9 339802 | |
| 650 | 0 | |a Música |9 306269 | |
| 650 | 0 | |a Educación superior |9 223851 | |
| 650 | 0 | |a Estilos musicales |9 471725 | |
| 650 | 0 | |a Desarrollo cultural |9 267526 | |
| 583 | |a last modification |c 20041119 00:00:00 |k Rodrigo Vera | ||
| 999 | |c 311517 |d 311515 | ||
| 952 | |0 0 |1 0 |4 0 |6 780_700000000000000_ZAP_2004 |7 0 |8 A |9 380957 |a BIBEDU |b BIBEDU |d 2019-11-21 |i 4080440 |o 780.7 ZAP 2004 |p 4080440 |r 2019-11-21 |w 2019-11-21 |y BK |k EDU | ||